المهارات الكتابية من النشأة الى التدريس

Bibliographic Details
Main Author: عبد باري,ماهر شعبان (Author)
Format: Book
Language:Arabic
Published: Amman : Dar al-Masirah , 2010
Subjects:

MARC

LEADER 00000cam a2200000 7i4500
001 0000066539
005 20110809093000.0
008 100713s2010 jo ara
020 |a 9789957066826 
050 0 0 |a PJ6321   |b .A23 2010 
090 0 0 |a PJ6321   |b .A23 2010 
100 1 |a عبد باري,ماهر شعبان ,   |e author 
241 1 2 |a al-Maharat al-Kitabiyah min al-Nash'ah ila al-Tadris 
245 1 2 |a المهارات الكتابية من النشأة الى التدريس   |c ماهر شعبان عبد الباري 
260 |a Amman :   |b Dar al-Masirah ,   |c 2010 
300 |a 351 p. ;   |c 25 cm. 
504 |a Includes bibliographical references and index 
650 0 |a Arabic language   |x Phonetics 
650 0 |a Writing, Arabic 
999 |a 1000131909   |b Book   |c OPEN SHELF (30 DAYS)   |e Gong Badak Campus